000 00363nam a2200145Ia 4500
008 230917s9999||||xx |||||||||||||| ||und||
040 _e104904
_aMAIN
041 _aEnglish
082 _a380.1 S64C
100 _aSingh, P N
245 0 _aChallenges to Indian commerce and business
260 _aNew Delhi
_bDeep & Deep
_c1998
300 _a142 p.
942 _cBK
999 _c121900
_d121900